Statistics for Top 10 Best Male Footballers by Year

Click here to take the quiz!

General Stats

  • This quiz has been taken 189 times
  • The average score is 29 of 37

Answer Stats

YearClubPlayer% Correct
2014-2021Real Madrid / Juventus / Manchester UnitedCristiano Ronaldo
100%
2014-2023Barcelona / Paris Saint-Germain / Inter MiamiLionel Messi
100%
2017-2023Paris Saint-GermainKylian Mbappé
97%
2014-2017 / 2020Barcelona / Paris Saint-GermainNeymar
95%
2020-2023Borussia Dortmund / Manchester CityErling Haaland
93%
2021-2022Real MadridKarim Benzema
93%
2018-2023LiverpoolMohamed Salah
93%
2017-2018 / 2023Tottenham / Bayern MunichHarry Kane
92%
2015-2017 / 2019-2022Bayern Munich / BarcelonaRobert Lewandowski
90%
2014-2016Liverpool / BarcelonaLuis Suarez
88%
2017-2018 / 2020-2023Manchester CityKevin De Bruyne
87%
2017-2018 / 2022Real MadridLuka Modric
87%
2016 / 2018Atlético MadridAntoine Griezmann
86%
2022-2023Real MadridVinicius Júnior
86%
2019-2020LiverpoolSadio Mané
83%
2023Real MadridJude Bellingham
82%
2014-2015Bayern MunichThomas Muller
82%
2019-2020LiverpoolVirgil Van Dijk
82%
2014-2015Bayern MunichManuel Neuer
80%
2014-2015Manchester CitySergio Aguero
79%
2017Real MadridToni Kroos
78%
2023NapoliVictor Osimhen
77%
2014 / 2016Real MadridGareth Bale
74%
2023Manchester CityRodri
74%
2018 / 2021ChelseaN'Golo Kante
71%
2015Paris Saint-GermainZlatan Ibrahimovic
71%
2019LiverpoolAlisson
70%
2022Real MadridThibaut Courtois
70%
2017-2018ChelseaEden Hazard
68%
2016Leicester CityRiyad Mahrez
64%
2014Bayern MunichArjen Robben
63%
2014Bayern MunichPhilipp Lahm
59%
2019Manchester CityRaheem Sterling
54%
2016Borussia DortmundPierre-Emerick Aubameyang
51%
2021ChelseaJorginho
50%
2015-2016ArsenalAlexis Sánchez
43%
2019BarcelonaFrenkie De Jong
38%

Score Distribution

Percentile by Number Answered

Percent of People with Each Score

Your Score History

You have not taken this quiz